Indian social democracy: integrating markets, democracy and social justice (Record no. 15459)

MARC details
000 -LEADER
fixed length control field 00424nam a2200133Ia 4500
082 ## - DEWEY DECIMAL CLASSIFICATION NUMBER
Classification number 320.954 IND-
245 #0 - TITLE STATEMENT
Title Indian social democracy: integrating markets, democracy and social justice
260 ## - PUBLICATION, DISTRIBUTION, ETC. (IMPRINT)
Place of publication New Delhi
Name of publisher Academic Foundation
Year of publication 2013
500 ## - GENERAL NOTE
General note contents: 2 Vols. vol 1 (444p) - vol 2 (324p), includes index
650 ## - SUBJECT ADDED ENTRY--TOPICAL TERM
Topical Term DEMOCRACY
700 ## - ADDED ENTRY--PERSONAL NAME
Personal name Khilnani, Sunil
700 ## - ADDED ENTRY--PERSONAL NAME
Personal name Malhoutra, Manmohan
942 ## - ADDED ENTRY ELEMENTS (KOHA)
Koha item type Books
Source of classification or shelving scheme Dewey Decimal Classification
Holdings
Withdrawn status Lost status Damaged status Not for loan Home library Current library Date acquired Source of acquisition Bill Date Full call number Accession Number Price effective from Koha item type
        NASSDOC Library NASSDOC Library 21/03/2014 KK 2014-03-12 320.954 IND- 48291 18/04/2019 Books
        NASSDOC Library NASSDOC Library 21/03/2014 KK 2014-03-12 320.954 IND- 48292 18/04/2019 Books